[Event "Passau op 8th"]
[Site "Passau"]
[Date "2000.04.21"]
[Round "1"]
[White "Huitl, Torsten"]
[Black "Loos, Stephan"]
[Result "0-1"]
[WhiteElo "1845"]
[BlackElo "2226"]
[PlyCount "76"]
[EventDate "2000.04.21"]
[EventType "swiss"]
[EventRounds "7"]
[EventCountry "GER"]
[SourceTitle "CBM 076 Extra"]
[Source "ChessBase"]
[SourceDate "2000.07.11"]
[SourceVersion "1"]
[SourceVersionDate "2000.07.11"]
[SourceQuality "1"]

1. e4 g6 2. d4 Bg7 3. Nf3 d6 4. Bc4 Nf6 5. Qe2 0-0 6. h3 c6 7. Bb3 e6 8. 0-0 d5 9. e5 Nfd7 10. Bf4 c5 11. c3 Nc6 12. Nbd2 Qb6 13. c4 Nxd4 14. Nxd4 cxd4 15. cxd5 exd5 16. Nf3 Nc5 17. Nxd4 Nxb3 18. Nxb3 Bd7 19. Rfd1 Bc6 20. Rac1 Rfe8 21. Nd4 Re7 22. Rd2 Rae8 23. Nf3 Qa5 24. b3 f6 25. Nd4 fxe5 26. Nxc6 bxc6 27. Bg5 Re6 28. Rdc2 Qb6 29. Qe3 Rc8 30. Rc5 Rce8 31. Qc3 e4 32. Qa5 Qxa5 33. Rxa5 Bd4 34. Be3 Bb6 35. Ra6 d4 36. Bd2 e3 37. Ba5 Bxa5 38. Rxa5 e2 0-1